Assisi und Umgebung / (Titelsatznr. 79051)
[ MARC ]
| 000 -Satzkennung | |
|---|---|
| Kontrollfeld mit fester Länge | 00571nam a2200217 4500 |
| 001 - Kontrollnummer | |
| Kontrollfeld | 18792 |
| 003 - Kontrollnummer Identifier | |
| Kontrollfeld | OSt |
| 005 - Datum und Zeit der letzten Transaktion | |
| Kontrollfeld | 20221206125109.0 |
| 007 - Feld mit fester Länge zur physischen Beschreibung - Allgemeine Information | |
| Kontrollfeld mit fester Länge | tu |
| 008 - Feld mit fester Länge zur physischen Beschreibung - Allgemeine Angaben | |
| Kontrollfeld mit fester Länge | 170412s1956||||||| ger |
| 040 ## - Katalogisierungsquelle | |
| Original-Katalogisierungsstelle | DE-2950 |
| Übertragungsstelle | DE-2950 |
| 100 1# - Haupteintragung - Personenname | |
| Personenname | Zocca, Emma |
| 245 00 - Titel | |
| Titel | Assisi und Umgebung / |
| Verfasserangabe etc. | Emma Zocca |
| 250 ## - Ausgabebezeichnung | |
| Ausgabebezeichnung | 1. Aufl. |
| 264 ## - Produktion, Veröffentlichung, Distribution, Herstellung und Urheberrechtsvermerk | |
| Herstellungs-, Veröffentlichungs- Vertriebs-, Erzeugungsort | Rom: |
| Produzent, Herausgeber, Distributor, Hersteller | Insituto Poligrafico dello Stato, |
| Datum der Herstellung, der Veröffentlichung, des Vertriebs oder des Urheberschutzvermerks | 1956. |
| 300 ## - Physische Beschreibung | |
| Umfang | 104 S. : Abb. : 1 Kt. |
| 365 ## - Handelspreis | |
| Währungscode | € |
| 440 #0 - Gesamttitelangabe/Nebeneintragung unter dem Gesamttitel - Sachtitelwerk | |
| Titel | Führer durch die Museen und Kunstdenkmäler Italiens |
| Bandnummer/Folgebezeichnung | Nr. 81 |
| Datensatzkontrollnummer | R1206 |
| 546 ## - Fußnote zur Sprache | |
| Sprache | deutsch |
| 942 ## - Zusätzliche Felder (Koha) | |
| Klassifikation oder Aufstellungssystematik | Andere/Generische Klassifikation |
| Koha-Medientyp | Bücher |
| Ausgeschieden | Verloren | Klassifikation oder Aufstellungssystematik | Beschädigt | Nicht entleihbar | Heimatbibliothek | Aufenthaltsbibliothek | Aufstellungsort | Erwerbungsdatum | Lieferant | Kodierter Standort-Qualifier | Anzahl Ausleihen | Signatur | Letzte Aktivität | Exemplarnummer | Preis gültig von | Koha-Medientyp |
|---|---|---|---|---|---|---|---|---|---|---|---|---|---|---|---|---|
| Andere/Generische Klassifikation | Stadtarchiv Frankfurt (Oder) | Archivbibliothek | Stadtarchiv Frankfurt (Oder) | Archivbibliothek | Magazin | 25/11/2020 | Nachlass Hensch | M | I: 2905 | 25/11/2020 | 122/2022 | 25/11/2020 | Bücher |